[Event "EU-ch 12th"]
[Site "Aix les Bains"]
[Date "2011.03.31"]
[Round "9"]
[White "Pogosian, Vladimir"]
[Black "Combaz, Jean Michel"]
[Result "1-0"]
[WhiteElo "2222"]
[BlackElo "1804"]
[PlyCount "75"]
[EventDate "2011.03.22"]
[EventType "swiss"]
[EventRounds "11"]
[EventCountry "FRA"]
[SourceTitle "CBM 142 Extra"]
[Source "ChessBase"]
[SourceDate "2011.06.27"]
[SourceVersion "1"]
[SourceVersionDate "2011.06.27"]
[SourceQuality "1"]

1. c4 c6 2. g3 Nf6 3. Nf3 d5 4. Bg2 Na6 5. 0-0 Nc7 6. Qc2 g6 7. d3 Bg7 8. e4 0-0 9. cxd5 cxd5 10. e5 Nd7 11. d4 Nb6 12. a4 a5 13. b3 Bf5 14. Qd2 Be4 15. Bb2 Nd7 16. Nc3 Bxf3 17. Bxf3 e6 18. Ba3 Re8 19. h4 h5 20. Kg2 Kh7 21. Ne2 Rh8 22. Nf4 Bh6 23. Rac1 Na6 24. Be2 Nab8 25. Bb5 Qb6 26. Qd3 Nc6 27. Rcd1 Rac8 28. Nxh5 Qd8 29. Qf3 Kg8 30. Nf6+ Nxf6 31. exf6 Na7 32. Bd3 Bf8 33. Bc1 Rc3 34. Rh1 Bh6 35. Ba3 Rxb3 36. Be7 Qe8 37. h5 Rb2 38. hxg6 1-0

[Event "EU-ch 12th"]
[Site "Aix les Bains"]
[Date "2011.03.24"]
[Round "1"]
[White "Combaz, Jean Michel"]
[Black "Jadrijevic, Ante"]
[Result "0-1"]
[WhiteElo "1804"]
[BlackElo "2247"]
[PlyCount "60"]
[EventDate "2011.03.22"]
[EventType "swiss"]
[EventRounds "11"]
[EventCountry "FRA"]
[SourceTitle "CBM 142 Extra"]
[Source "ChessBase"]
[SourceDate "2011.06.27"]
[SourceVersion "1"]
[SourceVersionDate "2011.06.27"]
[SourceQuality "1"]

1. c4 c6 2. d4 d5 3. Nf3 Nf6 4. Nc3 dxc4 5. a4 e6 6. e3 c5 7. Bxc4 Nc6 8. 0-0 cxd4 9. exd4 Be7 10. d5 exd5 11. Nxd5 Nxd5 12. Bxd5 0-0 13. Qb3 h6 14. Be3 Qa5 15. Rac1 Nb4 16. Bc4 Bd7 17. Rfe1 Bxa4 18. Qc3 Rac8 19. b3 Bb5 20. Ra1 Qc7 21. Bd4 Bxc4 22. bxc4 f6 23. Nd2 Nc6 24. Bxa7 b6 25. Qe3 Bc5 26. Qe6+ Kh8 27. Ne4 Nd4 28. Qg4 Nc2 29. Nxc5 bxc5 30. Reb1 Nxa1 0-1

[Event "EU-ch 12th"]
[Site "Aix les Bains"]
[Date "2011.03.23"]
[Round "2"]
[White "Daurelle, Herve"]
[Black "Combaz, Jean Michel"]
[Result "1-0"]
[WhiteElo "2268"]
[BlackElo "1804"]
[PlyCount "49"]
[EventDate "2011.03.22"]
[EventType "swiss"]
[EventRounds "11"]
[EventCountry "FRA"]
[SourceTitle "CBM 142 Extra"]
[Source "ChessBase"]
[SourceDate "2011.06.27"]
[SourceVersion "1"]
[SourceVersionDate "2011.06.27"]
[SourceQuality "1"]

1. e4 c6 2. c4 d5 3. exd5 cxd5 4. cxd5 Nf6 5. Nc3 Nxd5 6. Nf3 Nxc3 7. bxc3 Nc6 8. d4 e6 9. Bd3 Bd6 10. Qc2 h6 11. 0-0 Qf6 12. Qe2 0-0 13. Re1 g5 14. Nd2 Qg7 15. Ne4 Bc7 16. Ba3 Rd8 17. Rad1 b6 18. Qf3 Na5 19. Nf6+ Kh8 20. Be7 Bb7 21. Be4 Bxe4 22. Nxe4 g4 23. Qe2 Qg6 24. Bf6+ Kg8 25. Bxd8 1-0